Statistics for Pontiac Car Models by Picture

Click here to take the quiz!

General Stats

  • This quiz has been taken 5 times
  • The average score is 12 of 16

Answer Stats

Answer% Correct
Pontiac {Aztek}
100%
Pontiac {Bonneville}
100%
Pontiac {Firebird Trans Am}
100%
Pontiac {G8}
100%
Pontiac {Montana}
100%
Pontiac {Sunbird}
100%
Pontiac {Sunfire}
100%
Pontiac {Trans Sport}
100%
Pontiac {Vibe}
100%
Pontiac {Chieftain}
50%
Pontiac {Safari}
50%
Pontiac {Star Chief}
50%
Pontiac {Tempest}
50%
Pontiac {Ventura}
50%
Pontiac {Streamliner}
0%
Pontiac {Torpedo}
0%

Score Distribution

Percentile by Number Answered

Percent of People with Each Score

Your Score History

You have not taken this quiz